• 首页
  • 本馆介绍
  • 公告通知
  • 最新文献
  • 馆藏检索
  • 电子资源
  • 读者导购
  • 参考咨询
  • 我的图书馆
  • 登录
  • 详细信息显示
  • 放入我的书架
  • 预约/预借图书
  • 作者相关作品
  • 分类相关作品
  • 丛书相关作品
  • 出版社相关作品

书目信息

  • 表格格式
  • 工作单格式
  • 卡片格式
题名:
幸运的吉姆
    
 
作者: 艾米斯 , Amis , 斯旺 著
分册:  
出版信息: 北京   外语教学与研究出版社  1984
页数: 200页
开本: 19cm
丛书名:
单 册:
中图分类: H319.4
科图分类:
主题词: 英语--课外读物
电子资源:
ISBN: 9215.196
000 00706nam0 2200253 450
001 0184003211
005 20100712220739.0
010    @a9215.196@dCNY0.71
091    @a9215.196
100    @a19950526d1984 em y0chiy0110 ea
101 2  @achi@aeng
102    @aCN@b110000
105    @ay z 000yy
106    @ar
200 1  @a幸运的吉姆@9Xing Yun De;Di Ji Mu @f艾米斯等著
210    @a北京@c外语教学与研究出版社@d1984
215    @a200页@d19cm
606 0  @a英语@x课外读物
690    @aH319.4@v3
701  0 @c(英)@a艾米斯@9ai mi si@c(Amis, Kingsley@f1922~1995)@4著
701  1 @aAmis@bK.@4著
701  1 @a斯旺@9si wang@bD.K.@4著
801  0 @aCN@bAzMarc@c20130904
905    @aBZT@dH31@e473@f1@sH31/473
    
    幸运的吉姆/艾米斯等著.-北京:外语教学与研究出版社,1984
    200页;19cm
    
    
    ISBN 9215.196:CNY0.71
    
●
相关链接 在五车中查询图书 在当当中查询图书 在豆瓣中查询图书


正题名:幸运的吉姆     索取号:H31/473         预约/预借

序号 登录号 条形码 馆藏地/架位号 状态 备注
1 2000100388   2000100388   旧书回溯/ [索取号:H31/473] 在馆    
山东省滨州职业学院图书馆 欢迎您!
大连网信软件有限公司© 版权所有